<?xml version="1.0" encoding="UTF-8"?>
<marc:record xmlns:marc="http://www.loc.gov/MARC21/slim">
   <marc:leader>00000nam a2200000 a 4500</marc:leader>
   <marc:datafield ind1="1" ind2=" " tag="100">
      <marc:subfield code="a">Pexa, Rosemarie</marc:subfield>
      <marc:subfield code="4">aut</marc:subfield>
      <marc:subfield code="e">Verfasser/-in</marc:subfield>
   </marc:datafield>
   <marc:datafield ind1="1" ind2=" " tag="100">
      <marc:subfield code="a">Stöckl, Johanna</marc:subfield>
      <marc:subfield code="4">aut</marc:subfield>
      <marc:subfield code="e">Verfasser/-in</marc:subfield>
   </marc:datafield>
   <marc:datafield ind1=" " ind2=" " tag="653">
      <marc:subfield code="a">Softcover / Reisen/Reiseführer/Sportreisen</marc:subfield>
   </marc:datafield>
   <marc:datafield ind1=" " ind2=" " tag="653">
      <marc:subfield code="a">Aktivreisen/Europa</marc:subfield>
   </marc:datafield>
   <marc:datafield ind1=" " ind2=" " tag="653">
      <marc:subfield code="a">Öffentlicher Nahverkehr</marc:subfield>
   </marc:datafield>
   <marc:datafield ind1=" " ind2=" " tag="653">
      <marc:subfield code="a">Weinviertel wandern</marc:subfield>
   </marc:datafield>
   <marc:datafield ind1=" " ind2=" " tag="653">
      <marc:subfield code="a">Wien S-Bahn Wanderungen</marc:subfield>
   </marc:datafield>
   <marc:datafield ind1=" " ind2=" " tag="653">
      <marc:subfield code="a">Ausflüge ab Wien ohne Auto</marc:subfield>
   </marc:datafield>
   <marc:datafield ind1=" " ind2=" " tag="653">
      <marc:subfield code="a">Donauauen wandern</marc:subfield>
   </marc:datafield>
   <marc:datafield ind1=" " ind2=" " tag="653">
      <marc:subfield code="a">Leitha Berge wandern</marc:subfield>
   </marc:datafield>
   <marc:datafield ind1=" " ind2=" " tag="653">
      <marc:subfield code="a">Wienerwald wandern</marc:subfield>
   </marc:datafield>
   <marc:datafield ind1=" " ind2=" " tag="653">
      <marc:subfield code="a">Wachau wandern mit S-Bahn</marc:subfield>
   </marc:datafield>
   <marc:datafield ind1=" " ind2=" " tag="653">
      <marc:subfield code="a">Ausflugsziele Wien S-Bahn</marc:subfield>
   </marc:datafield>
   <marc:datafield ind1=" " ind2=" " tag="653">
      <marc:subfield code="a">Öffis Wien</marc:subfield>
   </marc:datafield>
   <marc:datafield ind1=" " ind2=" " tag="653">
      <marc:subfield code="a">Wandern rund um Wien</marc:subfield>
   </marc:datafield>
   <marc:datafield ind1=" " ind2=" " tag="653">
      <marc:subfield code="a">Wien Umgebung Reiseführer</marc:subfield>
   </marc:datafield>
   <marc:datafield ind1=" " ind2=" " tag="653">
      <marc:subfield code="a">Genusswandern Wien</marc:subfield>
   </marc:datafield>
   <marc:datafield ind1=" " ind2=" " tag="653">
      <marc:subfield code="a">Wiener S-Bahn Ausflüge</marc:subfield>
   </marc:datafield>
   <marc:datafield ind1=" " ind2=" " tag="653">
      <marc:subfield code="a">Wiener Stadtwanderwege</marc:subfield>
   </marc:datafield>
   <marc:datafield ind1=" " ind2=" " tag="653">
      <marc:subfield code="a">Spaziergänge rund um Wien</marc:subfield>
   </marc:datafield>
   <marc:datafield ind1=" " ind2=" " tag="653">
      <marc:subfield code="a">Hermannskogel Wanderung</marc:subfield>
   </marc:datafield>
   <marc:datafield ind1=" " ind2=" " tag="653">
      <marc:subfield code="a">Wandern Wien Umgebung</marc:subfield>
   </marc:datafield>
   <marc:datafield ind1=" " ind2=" " tag="653">
      <marc:subfield code="a">Wiener Alpenvorland wandern</marc:subfield>
   </marc:datafield>
   <marc:datafield ind1="0" ind2="0" tag="245">
      <marc:subfield code="a">Genusswandern mit der Wiener S-Bahn</marc:subfield>
   </marc:datafield>
   <marc:datafield ind1="0" ind2="0" tag="245">
      <marc:subfield code="b">30 Wanderungen in und um Wien : Weinviertel, Wienerwald, Hainburger Berge</marc:subfield>
   </marc:datafield>
   <marc:datafield ind1="0" ind2="0" tag="245">
      <marc:subfield code="c">Rosemarie Pexa, Johanna Stöckl</marc:subfield>
   </marc:datafield>
   <marc:datafield ind1=" " ind2="1" tag="264">
      <marc:subfield code="a">Oberhaching</marc:subfield>
      <marc:subfield code="b">Rother Bergverlag</marc:subfield>
      <marc:subfield code="c">2026</marc:subfield>
   </marc:datafield>
   <marc:datafield ind1="1" ind2=" " tag="490">
      <marc:subfield code="a">Rother Wanderbuch</marc:subfield>
   </marc:datafield>
   <marc:datafield ind1=" " ind2=" " tag="250">
      <marc:subfield code="a">2., aktualisierte Auflage</marc:subfield>
   </marc:datafield>
   <marc:datafield ind1="1" ind2=" " tag="520">
      <marc:subfield code="a">Wandern rund um Wien: Vom Bahnsteig direkt ins Wanderglück
&lt;br&gt;
&lt;br&gt;
&lt;br&gt;
Von der S-Bahn in die Natur: 30 genussvolle Wanderungen.
&lt;br&gt;
Beste Planungssicherheit: Zuverlässige Wegbeschreibungen, detaillierte Wanderkärtchen und aussagekräftige Höhenprofile.
&lt;br&gt;
Inklusive GPS-Tracks zum Download Inklusive GPS-Tracks zum Download für eine einfache Navigation.
&lt;br&gt;
Geballtes Öffi-Wissen: Praktische Infos zu allen S-Bahn-Verbindungen sowie Tipps für die günstigsten Fahrkarten.
&lt;br&gt;
Genuss mit Experten-Tipp: Von Wiener Autorinnen kuratierte Routen mit Empfehlungen für Sehenswürdigkeiten und gemütliche Gasthäuser.
&lt;br&gt;

&lt;br&gt;
Bei diesen Wanderungen beginnt der Genuss schon bei der Anreise: Mit der Wiener S-Bahn gelangt man bequem und zügig in die Natur. Die herrlichen Wanderziele rund um Wien sind direkt von der Hauptstadt aus erreichbar – ohne lästiges Umsteigen und fernab von Verkehrsstress. Das Rother Wanderbuch »Genusswandern mit der Wiener S-Bahn« stellt 30 herrliche Ausflüge vor.
&lt;br&gt;

&lt;br&gt;
&lt;br&gt;
&lt;br&gt;
&lt;br&gt;

&lt;br&gt;
Die Möglichkeiten für Spaziergänge und Wanderungen rund um Wien sind vielfältig und verlockend. Die berühmten Wiener Stadtwanderwege führen ruckzuck zu schönen Zielen: Auf ihnen lassen sich der malerische Wienerwald erkunden, Weinberge durchstreifen oder der Hermannskogel, die höchste Erhebung Wiens, erklimmen.
&lt;br&gt;

&lt;br&gt;

&lt;br&gt;
Ein Muss für Genusswanderer ist die Donau, die mit ihrer Auenlandschaft zu entspannten Spaziergängen verführt. Auch die Natur- und Kulturlandschaft des Weinviertels öffnet ihre Tore für genussvolle Wanderungen. Für diejenigen, die sportlichere Herausforderungen suchen, lockt das Wiener Alpenvorland mit seinen Aussichtsbergen und Panoramablicken.
&lt;br&gt;

&lt;br&gt;
&lt;br&gt;
&lt;br&gt;
&lt;br&gt;

&lt;br&gt;
Die Genusswanderungen rund um Wien werden mit zuverlässigen Wegbeschreibungen, Wanderkärtchen mit eingezeichnetem Routenverlauf und Höhenprofilen vorgestellt. GPS-Daten, die das Navigieren einfach machen, stehen zum Download bereit. Zusätzlich finden sich praktische Informationen zu den S-Bahn-Verbindungen und zu kostengünstigsten Fahrkarten.
&lt;br&gt;

&lt;br&gt;
&lt;br&gt;
&lt;br&gt;
&lt;br&gt;

&lt;br&gt;
Die Wiener Autorinnen Rosemarie Pexa und Johanna Stöckl haben bei ihren Wanderungen nicht nur auf die mühelose Anreise mit der S-Bahn geachtet, sondern auch auf abwechslungsreiche Wege und unberührte Landschaften. Oft führen ihre Ausflüge auch an Sehenswürdigkeiten und malerischen Städtchen vorbei. Ihre Empfehlungen für gemütliche Gasthäuser und erstklassige Restaurants runden die Genusswanderung ab.
&lt;br&gt;

&lt;br&gt;
</marc:subfield>
   </marc:datafield>
   <marc:datafield ind1=" " ind2=" " tag="020">
      <marc:subfield code="a">9783763334698</marc:subfield>
      <marc:subfield code="9">9783763334698</marc:subfield>
   </marc:datafield>
   <marc:datafield ind1=" " ind2=" " tag="020">
      <marc:subfield code="a">3763334696</marc:subfield>
      <marc:subfield code="9">3763334696</marc:subfield>
   </marc:datafield>
   <marc:datafield ind1=" " ind2=" " tag="041">
      <marc:subfield code="a">ger</marc:subfield>
   </marc:datafield>
   <marc:datafield ind1=" " ind2=" " tag="300">
      <marc:subfield code="a">144 Seiten</marc:subfield>
   </marc:datafield>
</marc:record>
